<La> importancia del Primero de Mayo (Record no. 39699)
[ view plain ]
| 000 -LEADER | |
|---|---|
| campo de control de longitud fija | 01127nam a2200361Ia 4500 |
| 001 - NÚMERO DE CONTROL | |
| campo de control | 049827 |
| 008 - DATOS DE LONGITUD FIJA--INFORMACIÓN GENERAL | |
| campo de control de longitud fija | 221003m2017 xx 000 0 spa d |
| 035 ## - NÚMERO DE CONTROL DEL SISTEMA | |
| Número de control de sistema | CENDO_39700 |
| 041 ## - CÓDIGO DE IDIOMA | |
| Código de lengua del texto/banda sonora o título independiente | spa |
| 245 #0 - MENCIÓN DEL TÍTULO | |
| Título | <La> importancia del Primero de Mayo |
| 260 ## - PUBLICACIÓN, DISTRIBUCIÓN, ETC. | |
| Lugar de publicación, distribución, etc. | Zaragoza : |
| Nombre del editor, distribuidor, etc. | Comisiones Obreras de Aragón, |
| Fecha de publicación, distribución, etc. | 2017 |
| 300 ## - DESCRIPCIÓN FÍSICA | |
| Extensión | 1 p. ; |
| Dimensiones | 30 cm |
| 500 ## - NOTA GENERAL | |
| Nota general | En: Trabajo Sindical Digital, n. 171 (abril 2017), p. 3 |
| 650 #0 - PUNTO DE ACCESO ADICIONAL DE MATERIA--TÉRMINO DE MATERIA | |
| Término de materia o nombre geográfico como elemento de entrada | DERECHOS DE LOS TRABAJADORES |
| 9 (RLIN) | 4 |
| 650 ## - PUNTO DE ACCESO ADICIONAL DE MATERIA--TÉRMINO DE MATERIA | |
| Término de materia o nombre geográfico como elemento de entrada | SINDICALISMO |
| 9 (RLIN) | 189 |
| 650 ## - PUNTO DE ACCESO ADICIONAL DE MATERIA--TÉRMINO DE MATERIA | |
| Término de materia o nombre geográfico como elemento de entrada | MOVIMIENTO OBRERO |
| 9 (RLIN) | 970 |
| 650 ## - PUNTO DE ACCESO ADICIONAL DE MATERIA--TÉRMINO DE MATERIA | |
| Término de materia o nombre geográfico como elemento de entrada | CONDICIONES DE TRABAJO |
| 9 (RLIN) | 128 |
| 650 ## - PUNTO DE ACCESO ADICIONAL DE MATERIA--TÉRMINO DE MATERIA | |
| Término de materia o nombre geográfico como elemento de entrada | RELACIONES LABORALES |
| 9 (RLIN) | 54 |
| 650 ## - PUNTO DE ACCESO ADICIONAL DE MATERIA--TÉRMINO DE MATERIA | |
| Término de materia o nombre geográfico como elemento de entrada | CONFERENCIA |
| 9 (RLIN) | 311 |
| 650 #0 - PUNTO DE ACCESO ADICIONAL DE MATERIA--TÉRMINO DE MATERIA | |
| Término de materia o nombre geográfico como elemento de entrada | COMUNIDADES AUTONOMAS |
| 9 (RLIN) | 344 |
| 650 ## - PUNTO DE ACCESO ADICIONAL DE MATERIA--TÉRMINO DE MATERIA | |
| Término de materia o nombre geográfico como elemento de entrada | ARAGON |
| 9 (RLIN) | 2165 |
| 650 #0 - PUNTO DE ACCESO ADICIONAL DE MATERIA--TÉRMINO DE MATERIA | |
| Término de materia o nombre geográfico como elemento de entrada | ACTITUD SINDICAL |
| 9 (RLIN) | 61 |
| 710 ## - ENTRADA AGREGADA--NOMBRE DE ENTIDAD CORPORATIVA | |
| Nombre de entidad corporativa o nombre de jurisdicción como elemento de entrada | CCOO |
| Unidad subordinada | Aragón, |
| Término indicativo de función/relación | ed. |
| 9 (RLIN) | 5627 |
| 856 ## - LOCALIZACIÓN Y ACCESO ELECTRÓNICOS | |
| Nota pública | |
| Identificador Uniforme de Recursos | <a href="http://docpublicos.ccoo.es/cendoc/049827ImportanciaPrimeroMayo.pdf">http://docpublicos.ccoo.es/cendoc/049827ImportanciaPrimeroMayo.pdf</a> |
| 901 ## - ELEMENTOS DE DATOS A LOCAL LDA (RLIN) | |
| a | 0 |
| 903 ## - ELEMENTOS DE DATOS C LOCAL, LDC (RLIN) | |
| a | NO |
| 904 ## - ELEMENTOS DE DATOS D LOCAL, LDD (RLIN) | |
| a | 000 |
| 907 ## - ELEMENTOS DE DATOS G LOCAL, LDG (RLIN) | |
| a | Primero de Mayo |
| 953 ## - | |
| -- | 2017-05-10 |
| -- | DOCU_ELEC |
| -- | Trabajo Sindical Digital, n. 171 (abril 2017), p. 3 |
| -- | PS65 |
| 910 ## - DATOS DE OPCIÓN DEL USUARIO (OCLC) | |
| Datos de opción del usuario | 2017 |
| 942 ## - ELEMENTOS DE ENTRADA SECUNDARIOS (KOHA) | |
| Tipo de ítem Koha | Documento Electrónico |
| Estatus retirado | Estado de pérdida | Estado de daño | No para préstamo | Biblioteca de origen | Biblioteca actual | Fecha de adquisición | Enumeración/cronología de publicación seriada | Total de préstamos | Código de barras | Visto por última vez | Copia número | Precio de reemplazo | Tipo de ítem Koha |
|---|---|---|---|---|---|---|---|---|---|---|---|---|---|
| CENDO | CENDO | 10/05/2017 | Trabajo Sindical Digital, n. 171 (abril 2017), p. 3 | CENDO_39700 | 05/10/2022 | PS65 | 05/10/2022 | Documento Electrónico |